| 000 | 00617nam a2200181 a 4500 | ||
|---|---|---|---|
| 005 | 20241109063732.0 | ||
| 008 | 151103s2010 mx r 000 0 spa d | ||
| 035 | _aUPN01000206510 | ||
| 049 | _aCG | ||
| 050 | 4 |
_aTX355 _bD4.6 |
|
| 245 | 0 | 3 |
_aEl derecho a la alimentación : _buna ventana abierta al mundo : dibujos realizados por los jóvenes para los jóvenes / _ctr. de Alessandra Silvi. |
| 260 |
_aRoma : _bFAO : _bGirls Worldwide Say, _c[2010?] |
||
| 300 |
_a85 p. : _bil. |
||
| 650 | 4 |
_aAlimentos _vLiteratura infantil _921621 |
|
| 650 | 4 |
_aNutrición _92193 |
|
| 650 | 4 |
_aDerechos humanos _95797 |
|
| 905 | _aLibro | ||
| 999 |
_c178611 _d178611 |
||